| 000 | 00729cab a2200205 4500 | ||
|---|---|---|---|
| 001 | L136091 | ||
| 008 | 070109n2007 000 0 eng u | ||
| 035 | _a(Sirsi) u136091 | ||
| 041 | 0 | _aeng | |
| 100 | 1 | _aMorrison, Doug | |
| 245 | 0 | 0 | _aResidential and regeneration |
| 260 | _c2007 | ||
| 490 | 0 |
_aProperty Week _v72(1) 5 January 2007, 41-44(4) |
|
| 520 | _aDiscusses the difficulties first time buyers face in the property market in 2007. House sales are on the increase, however there is a possibility that rising interest rates may afect the market. | ||
| 590 | _aKA | ||
| 651 | 4 |
_aUnited Kingdom _y |
|
| 690 | _aPROPERTY-RESIDENTIAL PROPERTY-RESIDENTIAL PROPERTY DEVELOPMENT | ||
| 700 | 1 | _aKhatri, Milan | |
| 942 | _n0 | ||
| 999 |
_c78130 _d78130 |
||